MARC

LEADER 00000nam0a2200000 4500
001 177897
005 20231101223353.0
035 |a (RuTPU)RU\TPU\book\192875 
090 |a 177897 
100 |a 20100329d1947 km y0rusy50 ca 
101 0 |a rus 
102 |a RU 
105 |a ab z 000zy 
200 1 |a Очерки по геологии и полезным ископаемым Восточной Сибири  |h Вып. 1  |f Восточносибирское геологическое управление ; под ред. Б. А. Иванова 
210 |a Иркутск  |c Восточно-Сибирское геологич. управ.  |d 1947 
215 |a 32 с.  |c ил. 
610 1 |a геология 
610 1 |a полезные ископаемые 
610 1 |a месторождения 
610 1 |a Восточная Сибирь 
610 1 |a Забайкалье 
610 1 |a рельеф 
610 1 |a марганцевые месторождения 
610 1 |a песчаные месторождения 
675 |a 55(571.5)  |v 3 
675 |a 553(571.5)  |v 3 
702 1 |a Иванов  |b Б. А.  |4 340 
712 0 2 |a Восточносибирское геологическое управление  |c (Иркутск)  |2 stltpush  |3 (RuTPU)RU\TPU\col\16322  |9 26371 
801 1 |a RU  |b 63413507  |c 20100329 
801 2 |a RU  |b 63413507  |c 20200117  |g RCR 
942 |c BK